00242nam a2200109Ia 4500008004100000100001600041245001000057250000800067260003100075300000800106650001800114191201s2009 xx 000 0 und d aMILES,Kelly 0aSpace a1st aU.KbMiles kelly pubc2009 a384 aGeneral Books